Nezamestnanosť v okrese stále klesá

Bibliographic Details
Format: Article
Language:Slovak
Subjects:

MARC

LEADER 00000nab a2200000 ar4500
001 vtls008998779
003 SK-MaSNL
005 20260303065856.0
008 070613c2007 xo wr|p|||||||000 b|slo
038 |a PPPK 
040 |a PPPKCL  |b slo  |c PPPK  |e AACR2 
041 0 |a slo 
044 |a xo  |c SK 
080 |a 331.56  |2 1997 
245 0 0 |a Nezamestnanosť v okrese stále klesá  |c [autor] (ppd) 
648 7 |a apríl 2007  |2 pppkcl  |9 1032408 
650 0 7 |a nezamestnanosť  |2 pppkcl  |9 4271 
650 0 7 |a pokles nezamestnanosti  |2 pppkcl  |9 1032916 
651 7 |a Poprad (Slovensko : okres)  |2 pppkcl  |9 28675 
773 0 |t Poprad : noviny občanov mesta  |g Roč. XVIII, č. 38 (2007), s. 1 
852 |a PPPK  |b KIS3GCP 
999 |c 1753097  |d 1755027